000 00521nam a2200169Ia 4500
008 090711s9999 xx 000 0 und d
082 _b76776
100 _aभसे पोपटराव
245 _aप्रतिक्षा
260 _bशांती पब्लिकेशन्स
_c1995
300 _a200
600 _aभसे पोपटराव
630 _aप्रतिक्षा
700 _aभसे पोपटराव
730 _aप्रतिक्षा
942 _cBOOK
999 _c321102
_d321102